| 000 | 01187cam a22002651i 4500 | ||
|---|---|---|---|
| 003 | SA-RiAUC | ||
| 005 | 20240916074821.0 | ||
| 008 | 240915s1992 ua g 00000 ara c | ||
| 040 |
_aSA-RiAUC _bara _cSA-RiAUC _erda |
||
| 082 | 0 | 4 |
_a252.8 _qSA-RiAUC _bم ا و |
| 100 | 1 |
_aالماوردي، علي بن محمد بن حبيب، _d364-450 هجري _eمؤلف. |
|
| 245 | 1 | 2 |
_aكتاب الضحايا من الحاوي الكبير / _cتأليف أبي الحسن علي بن محمد بن حبيب الماوردي ؛ تحقيق ودراسة إبراهيم بن علي صندقجي. |
| 250 | _aالطبعة الأولى. | ||
| 264 | 1 |
_aالقاهرة : _bدار المنار للنشر، _c1992 |
|
| 300 |
_a456 صفحة ؛ _c24 سم |
||
| 336 |
_aنص _btxt _2rdacontent _3كتاب |
||
| 337 |
_aبدون وسيط _bn _2rdamedia |
||
| 338 |
_aمجلد _bnc _2rdacarrier |
||
| 650 | 7 |
_aالفقه الشافعي _2aucsh |
|
| 650 | 7 |
_aالأضحية (فقه إسلامي) _2aucsh |
|
| 700 | 1 |
_aصندقجي، إبراهيم علي إبراهيم، _d1372 هجري- _eمحقق. |
|
| 740 | 2 | 2 | _aالحاوي الكبير. |
| 942 |
_2ddc _cBOOK |
||
| 949 |
_aSA-JeALM _d240915 _umohamedma123 _n1 |
||
| 999 |
_c324 _d324 |
||